Guess the album by its badly drawn cover - quiz 2 - Statistics

General Stats
  • This quiz has been taken 72 times
  • The average score is 5 of 9
Answer Stats
Picture Answer % Correct
Sour
82%
Starboy
79%
folklore
61%
Happier Than Ever
60%
Reputation
56%
Hot Pink
47%
30
44%
Pink Friday 2
40%
Be The Cowboy
30%
No matching quizzes found
Score Distribution
Percent of People with Each Score
Percentile by Number Answered
Your Score History
You have not taken this quiz